Observaciones etnobotánicas sobre plantas medicinales en comunidades afrocolombianas del bajo Calima (<cuenca baja del río San Juan, Valle del Cauca, Colombia (Registro nro. 11288)

Detalles MARC
000 -CABECERA
Campo de control 007820000a22002050004500
090 ## - CLASIFICACIÓN LOCAL
Colección AR
Consecutivo 02216
041 0# - IDIOMA
Código de idioma para texto/pista de sonido o título separado
100 1# - ASIENTO PRINCIPAL--NOMBRE PERSONAL
Nombre personal Forero Pinto, Luis Eduardo
245 10 - MENCION DE TITULO
Título Observaciones etnobotánicas sobre plantas medicinales en comunidades afrocolombianas del bajo Calima (<cuenca baja del río San Juan, Valle del Cauca, Colombia
650 14 - ASIENTO SECUNDARIO DE MATERIA - TERMINO TEMATICO
Término temático o nombre geográfico como elemento de entrada Conocimiento tradicional
650 14 - ASIENTO SECUNDARIO DE MATERIA - TERMINO TEMATICO
Término temático o nombre geográfico como elemento de entrada Afrocolombianos
650 14 - ASIENTO SECUNDARIO DE MATERIA - TERMINO TEMATICO
Término temático o nombre geográfico como elemento de entrada Plantas útiles
650 14 - ASIENTO SECUNDARIO DE MATERIA - TERMINO TEMATICO
Término temático o nombre geográfico como elemento de entrada Etnobotánica
651 #4 - ASIENTO SECUNDARIO DE MATERIA - NOMBRE GEOGRAFICO
-- Cuenca baja del Río San Juan
-- valle del Cauca
-- Colombia
700 1# - ASIENTO SECUNDARIO - NOMBRE PERSONAL
Nombre personal Murillo, Desiderio
700 1# - ASIENTO SECUNDARIO - NOMBRE PERSONAL
Nombre personal Sánchez, Leonor E.
700 1# - ASIENTO SECUNDARIO - NOMBRE PERSONAL
Nombre personal Fanor Otero, José
773 1# - Item fuente:
Título Cespedesia
Especificación de materiales 124
Descripción física 66
Paginas del Articulo 67-100
Lugar, editorial y fecha de publicación 1995
Información sobre la relación 20
942 ## - ELEMENTOS ADICIONALES (KOHA)
Tipo de ítem Artículo
Existencias
Withdrawn status Lost status Damaged status No para préstamo Colección Ubicación Permanente Ubicación actual Fecha de adquisición Fuente de Valor Datos de publicación Seriada Total Checkouts Número topográfico Inventario / Código de Barras Date last seen Ejemplar Price effective from Forma de adquisición Tipo de material
      No para Préstamo Hemeroteca Bogotá Bogotá 27/02/2015 Academia Colombiana de Ciencias Exactas, Físicas y Naturales Fuera de circulación   AR 02216 012602 25/03/2015 1 25/03/2015   Artículo